Journal of financial crime

Bibliographic Details
Corporate Author: Cambridge International Symposium on Economic Crime
Format: Conference Proceeding Journal
Language:English
Published: London : Ed. Henry Stewart Pub., 2002 -
Subjects:
Online Access:Acceso restringido

MARC

LEADER 00000nas a2200000 4500
005 20120301145614.0
007 cr anunnnuuuaa
008 950421c19959999enk p g 0 eng d
022 |a 1359-0790  |z 0969-6458 
035 |a 6139 
040 |d BUS  |d vLex 
090 |c 3059  |d 3059 
245 3 0 |a Journal of financial crime  |h [Recurso electrn̤ico] 
246 3 0 |a Financial crime. 
256 |a Servicio en ln̕ea. 
260 |a London :  |b Ed. Henry Stewart Pub.,  |c 2002 - 
300 |a 1 recurso electrn̤ico 
310 |a Cuatrimestral 
362 |a Nm︢. 1 (2002) -  
506 1 |a Contenido solo disponible en los productos indicados  |d vLex Global   |d vLex Global (Academic Edition, excluding Law Schools)   |d vLex Global (U.S. Academic Edition, Law Schools)   |d vLex Global (U.S. Academic Edition, excluding Law Schools)   |d vLex Global (Academic Edition, Law Schools)  
550 |a Official journal of the Cambridge International Symposium on Economic Crime. 
650 0 4 |a Delitos econm̤icos  |x Publicaciones perid̤icas. 
650 0 4 |a Delitos econm̤icos  |x Prevencin̤  |x Publicaciones perid̤icas. 
650 0 4 |a Fraude  |x Publicaciones perid̤icas. 
711 2 |a Cambridge International Symposium on Economic Crime. 
740 0 |a vLex Libros (Servicio en ln̕ea) 
856 4 0 |u http://vlex.com/source/journal-financial-crime-6139  |z Acceso restringido 
942 |c REV 
999 0 |a Tax evasion 
999 0 |a Commercial crimes